ბათუმის შოთა რუსთაველის სახელმწიფო უნივერსიტეტის ბიბლიოთეკა

სკოლის დაფინანსებისა და მართვის ზოგიერთი საკითხები / (ბიბ.ჩანაწერი № 57199)

000 -ლიდერი
ფიქსირებული სიგრძის საკონტროლო ველი 01359nam a22002297a 4500
003 - საკონტროლო ნომრის იდენტიფიკატორი
საკონტროლო ველი Ge_BSU
005 - ბოლო ოპერაციის თარიღი და დრო
საკონტროლო ველი 20200110121213.0
008 - ფიქსირებული სიგრძის მონაცემთა ელემენტები - ზოგადი ინფორმაცია
ფიქსირებული სიგრძის საკონტროლო ველი 200110s2010 xxu||||| |||| 00| 0 geo d
020 ## - წიგნის საერთაშორისო სტანდარტული ნომერი
International Standard Book Number 9789941914713
041 ## - ენის კოდი
Language code of text/sound track or separate title geo
080 ## - უნივერსალური ათობითი კლასიფიკაციის ინდექსი
Universal Decimal Classification number 338+37 მ-40
100 ## - მთავარი ჩანაწერი - პიროვნების სახელი
Personal name მაღლაკელიძე, შორენა.
9 (RLIN) 6073
245 ## - ცნობა სათაურის შესახებ
Title სკოლის დაფინანსებისა და მართვის ზოგიერთი საკითხები /
Statement of responsibility, etc შორენა მაღლაკელიძე ; სამეცნ. რედ. ევგენი ბარათაშვილი.
264 ## - წარმოების, გამოცემის, დისტრიბუციის და სხვა ცნობები
გამოცემის, წარმოების, დისტრიბუციის... ადგილი თბილისი :
გამოცემის, წარმოების, დისტრიბუციის... სახელწოდება ლეთა,
გამოცემის, წარმოების, დისტრიბუციის... თარიღი 2010.
300 ## - ფიზიკური აღწერა
Extent 143 გვ .:
Dimensions 19 სმ.
520 ## - SUMMARY, ETC.
Summary, etc რეზიუმე იგლ ენაზე
653 ## - INDEX TERM--UNCONTROLLED
Uncontrolled term განათლების დაფინანსება
653 ## - INDEX TERM--UNCONTROLLED
Uncontrolled term ზოგადსაგანმანათლებლო სკოლები.
700 ## - ADDED ENTRY--PERSONAL NAME
Personal name ბარათაშვილი, ევგენი
Relator term სამეცნიერო რედაქტორი
9 (RLIN) 734
710 ## - ADDED ENTRY--CORPORATE NAME
Relator term ქართველოლოგიის ჰუმანიტარული და სოციალური მეცნიერების ფონდი რუსთაველის ფონდი
9 (RLIN) 6074
942 ## - ADDED ENTRY ELEMENTS (KOHA)
Source of classification or shelving scheme
Koha item type წიგნი
ეგზემპლარები
ჩამოწერის სტატუსი დაკარგული ეგზემპლარის სტატუსი კლასიფიკაციის წყარო ან თაროზე გაწყობის სქემა დაზიანების სტატუსი არ გაიცემა მუდმივი მდებარეობა (დაცვის ადგილი) ამჟამინდელი ადგილსამყოფელი თაროზე განთავსების ადგილი შეძენის თარიღი ღირებულება, შესყიდვის ნორმალური ფასი სრული შენახვის შიფრი შტრიხკოდი ბოლო ოპერაციის თარიღი ეგზემპლარის მიმდევრობითი ნომერი (კეტერი?) ფასის ძალაში შესვლის თარიღი ეგზემპლარის სახეობა საჯარო შენიშვნა
          ბათუმის შოთა რუსთაველის სახელმწიფო უნივერსიტეტის მთავარი ბიბლიოთეკა ბათუმის შოთა რუსთაველის სახელმწიფო უნივერსიტეტის მთავარი ბიბლიოთეკა წიგნსაცავი 2020-01-10 8.00 338+37 მ-40 60358 2020-01-10 60358 2020-01-10 წიგნი 8.00